| 000 | 01084nam a22002297a 4500 | ||
|---|---|---|---|
| 999 |
_c3501 _d3501 |
||
| 005 | 20240201082039.0 | ||
| 008 | 240201b ||||| |||| 00| 0 eng d | ||
| 020 | _a9781407157467 | ||
| 040 | _cKH8 | ||
| 082 | _aFIC STI | ||
| 100 |
_aStine, R. L. _eAuthor |
||
| 245 |
_aReturn of the mummy _cR. L. Stine |
||
| 260 |
_aNew York, _bScholastic Inc., _c 2010 |
||
| 300 |
_a 114 pages : _b illustrations ; _c20 cm. |
||
| 440 |
_aGoosebumps, _v 23 |
||
| 500 | _aIncludes behind the screams: About the author ; Q & A with R.L. Stine ; Top ten tomb jobs ; Mummy matchup ; How much is that Scarab in the window? -- Dress like an Egyptian ; A terrifying peek at Goosebumps Horroland #19: The horror at chiller house and Classic Goosebumps # 19: Revenge of the lawn gnomes | ||
| 520 | _aReturning to Egypt to help his uncle Ben and cousin Sari with an archaeological dig, Gabe learns about a curse that supposedly brings mummies back to life and thinks his uncle has become a victim | ||
| 650 | _aChildren's fiction | ||
| 650 | _aEgypt | ||
| 650 | _aEgypt Fiction | ||
| 942 |
_2ddc _cFIC |
||